000 00521nam a2200181 4500
001 136933
003 ES-MaACL
005 20260505130333.0
007 t|
008 070214s1957 fr r ||||1| fre d
100 _aSaint-Exupéry, Antoine de,
_d1900-1944
_9239169
245 1 0 _aPilote de guerre /
_cAntoine de Saint-Exupéry.
250 _a277ª. ed.
260 _aParis :
_bGallimard,
_c1957.
300 _a246 p. ;
_c19 cm.
852 _aES-MaACL
_jC-15315
_bR.43240
999 _c136933
_d136933